000 00431nam a2200181Ia 4500
001 4973
005 20260306145834.0
008 260306t2003||||xx |||||||||||||| ||spa||
041 _aESP
082 _a332.1
_bS21
100 _aSanchis Palacio, Joan R.
_eAUT
245 0 _aDirección estratégica bancaria
260 _c2003
300 _a241 páginas :
_c21 cm.
650 _aGEN
654 _aCAN
942 _cLIB
_dJUS
_fJUS
_2ddc
_n
999 _c4973
_d4973